000 00950nam a22003137a 4500
001 BR7304366
003 BR-BrBNA
005 20230928084027.0
007 ta
008 230509b bl.||||| |||| 00| 0 por d
040 _aBR-BrBNA
_bpor
_cBiblioteca Nacional de Agricultura
041 _a(Por)
072 _aS10
_b9343
090 _ 9343 BR7304366
100 1 _aFigueiredo, N.H.
100 1 _aRaoul, w.
100 1 _aAraujo, N. de Q.
110 1 _aInstituto Nacional de Tecnologia, Rio de Janeiro, GB (Brasil)
_96511
245 1 _aEstudos sobre os melacos de canas; Composicao quimica dos melacos, investigacoes relativas a fermentacao alcoolica industrial
260 3 _aRio de Janeiro, GB (Brasil):
_c1955.
300 _a36 p.
500 _a17 ref.
650 _aMELACO
650 _aCOMPOSICAO QUIMICA
650 _aFERMENTACAO ALCOOLICA
650 _aANALISE DE ALIMENTO
909 _a202309
_bLucia
_c55
_dLucia Elande
942 _cBK
999 _c16400
_d16400